| 000 | 01384cam a2200205 4500 | ||
|---|---|---|---|
| 001 | 6653 | ||
| 020 | _a0198066457 | ||
| 020 | _a9780198066453 | ||
| 100 | 1 | _aPrasad, R. U. S | |
| 245 | 1 | 0 |
_aResolving disputes in telecommunications : _bglobal practices and challenges / _cR.U.S. Prasad. |
| 260 |
_aNew Delhi : _bOxford University Press, _c2011. |
||
| 300 |
_axviii, 197 p. : _bill. ; _c23 cm |
||
| 504 | _aIncludes bibliographical references (p. [188]-193) and index | ||
| 505 |
_aCONTENTS: Foreword -- Acknowledgements -- List of abbreviation -- Overview -- Appendix i -- The national telecom policy of india, 1994 -- appendix ii -- India's new telecom policy, 1999 -- Appendix iii: case study on the need for conducive environment; appendix -- Case study on scope of service and jurisdictional issues -- Appendix -- tdsat India decision on license fees -- Appendix -- tdsat India procedures -- References. _g _r _t |
||
| 520 | _aThis book provides in-depth account of telecommunications policy, regulation, and dispute resolution in India. It analyses current country practices and their unique features, and studies methods of dispute resolution in other countries as well. | ||
| 650 | 0 | _aDispute resolution (Law) | |
| 650 | 0 |
_aDispute resolution (Law) _zIndia |
|
| 650 | 0 |
_aTelecommunication _xLaw and legislation |
|
| 650 | 0 |
_aTelecommunication _xLaw and legislation _zIndia |
|
| 999 |
_c5603 _d5603 |
||